আমাদের লেখক পাসঙ্গিক তথ্যাবলী / (Record no. 41312)
[ view plain ]
| 000 -LEADER | |
|---|---|
| fixed length control field | 01187nam a2200265 a 4500 |
| 001 - CONTROL NUMBER | |
| control field | 41312 |
| 003 - CONTROL NUMBER IDENTIFIER | |
| rucl marc code | BD-RjUL |
| 005 - DATE AND TIME OF LATEST TRANSACTION | |
| control field | 20211209053350.0 |
| 008 - FIXED-LENGTH DATA ELEMENTS--GENERAL INFORMATION | |
| fixed length control field | 160528s1974 bg ||||| |||| 00| 0 ben d |
| 020 ## - INTERNATIONAL STANDARD BOOK NUMBER | |
| Terms of availability | : Tk 2.00 |
| 035 ## - SYSTEM CONTROL NUMBER | |
| System control number | (BD-RjUL)41429 |
| 040 ## - CATALOGING SOURCE | |
| Original cataloging agency | BD-RjUL |
| Language of cataloging | ben |
| Transcribing agency | BD-RjUL |
| Modifying agency | BD-RjUL |
| 041 ## - LANGUAGE CODE | |
| Language code of text/sound track or separate title | ben |
| 082 ## - DEWEY DECIMAL CLASSIFICATION NUMBER | |
| Edition number | 23 |
| Classification number | 891.44092 |
| Author mark and year | AMA 1974 |
| 245 00 - TITLE STATEMENT | |
| Title | আমাদের লেখক পাসঙ্গিক তথ্যাবলী / |
| Statement of responsibility, etc. | মোহাম্মদ মনিরুজ্জামান সম্পাদক |
| 250 ## - EDITION STATEMENT | |
| Edition statement | ২য় সং. |
| 260 ## - PUBLICATION, DISTRIBUTION, ETC. (IMPRINT) | |
| Place of publication, distribution, etc. | ঢাকা : |
| Name of publisher, distributor, etc. | বাংলা একাডেমী, |
| Date of publication, distribution, etc. | ১৯৭৪ |
| 300 ## - PHYSICAL DESCRIPTION | |
| Pagination | ৯২ পৃ. ; |
| Size | ২১ সেমি. |
| 650 ## - SUBJECT ADDED ENTRY--TOPICAL TERM | |
| Topical term or geographic name as entry element | লেখক, বাংলা |
| Geographic subdivision | বাংলাদেশ |
| General subdivision | জীবনী |
| 9 (RLIN) | 120100 |
| Topical term or geographic name as entry element | Authors, Bengali |
| Geographic subdivision | Bangladesh |
| General subdivision | Biography |
| 9 (RLIN) | 123370 |
| 700 ## - ADDED ENTRY--PERSONAL NAME | |
| Personal name | মনিরুজ্জামান, মোহাম্মদ, সম্পাদক |
| Personal name | খান, শামসুজ্জামান, সম্পাদক |
| Personal name | ইসলাম, আজহার, সম্পাদক |
| 942 ## - ADDED ENTRY ELEMENTS (KOHA) | |
| Source of classification or shelving scheme | Dewey Decimal Classification |
| Koha item type | Books |
| Lost status | Source of classification or shelving scheme | Damaged status | Not for loan | Collection code | Permanent Location | Current Location | Shelving location | Date acquired | Source of acquisition | Cost, normal purchase price | Total Checkouts | Full call number | Date last seen | Copy number | Koha item type |
|---|---|---|---|---|---|---|---|---|---|---|---|---|---|---|---|
| Dewey Decimal Classification | Non-fiction | Central Library, University of Rajshahi | Central Library, University of Rajshahi | 28/01/1975 | Bangla Academy, Dhaka | 2.00 | B 891.44092 AMA 1974 | 28/05/2016 | C-2 | Books | |||||
| Dewey Decimal Classification | Not For Loan | Non-fiction | Central Library, University of Rajshahi | Central Library, University of Rajshahi | Reading Room | 28/01/1975 | Bangla Academy, Dhaka | 2.00 | B 891.44092 AMA 1974 | 29/05/2016 | C-1 | Books | |||
| Dewey Decimal Classification | Non-fiction | Central Library, University of Rajshahi | Central Library, University of Rajshahi | 28/01/1975 | Bangla Academy, Dhaka | 2.00 | B 891.44092 AMA 1974 | 29/05/2016 | C-3 | Books | |||||
| Dewey Decimal Classification | Non-fiction | Central Library, University of Rajshahi | Central Library, University of Rajshahi | 28/01/1975 | Bangla Academy, Dhaka | 2.00 | B 891.44092 AMA 1974 | 29/05/2016 | C-5 | Books | |||||
| Dewey Decimal Classification | Non-fiction | Central Library, University of Rajshahi | Central Library, University of Rajshahi | 28/01/1975 | Bangla Academy, Dhaka | 2.00 | B 891.44092 AMA 1974 | 29/05/2016 | C-6 | Books |